000 00945nam a22003017a 4500
001 BR8306150
003 BR-BrBNA
005 20230928091823.0
007 ta
008 230509b bl.||||| |||| 00| 0 por d
040 _aBR-BrBNA
_bpor
_cBiblioteca Nacional de Agricultura
041 _a(Por)
072 _aE20; M12
_b/G514
090 _ E20 BR8306150
100 1 _aSilva, J.W.B. e
100 1 _aChacon, J. de O.
110 1 _aDepartamento Nacional de Obras Contra as Secas, Fortaleza, CE (Brasil)
245 1 _aO Centro de Pesquisas Ictiologicas (Pentecoste, Ceara, Brasil). Suas instalacoes e seus quatro primeiros anos de funcionamento (1973-1977)
260 3 _aFortaleza, CE (Brasil):
_c1983.
300 _a77 p.
500 _a25 illus.; 11 tables; 19 ref.
650 _aICTIOLOGIA
650 _aINSTITUICAO DE PESQUISA
650 _aPENTECOSTE
650 _aCEARA
909 _a202309
_bLucia
_c55
_dLucia Elande
942 _cBK
999 _c35703
_d35703